|
|
|
|
| LEADER |
00000naa2a2200000 4500 |
| 001 |
215204 |
| 005 |
20240122102050.0 |
| 035 |
|
|
|a (RuTPU)RU\TPU\book\235103
|
| 090 |
|
|
|a 215204
|
| 100 |
|
|
|a 20120505d2002 k y0engy50 ba
|
| 101 |
0 |
|
|a eng
|
| 102 |
|
|
|a RU
|
| 200 |
1 |
|
|a Rotating generator of the current quasirectangular pulses
|f M. V. Usachev, I. O. Muravlev, A. I. Chuchalin
|
| 320 |
|
|
|a References: p. 99 (5 tit.)
|
| 330 |
|
|
|a The performed investigations allow one to consider the character of the electromechanical transients passing and to form definite recommendations for the usage multidisc generators under conditions of the active load feed by the current quasi-rectangular pulses.
|
| 463 |
|
0 |
|0 (RuTPU)RU\TPU\book\68530
|t Modern Technique and Technologies. MTT 2002
|o Proceedings of the 8th International Scienific and Practical Conference of Students. Post-graduates and Young Scientists, April 8 - April 12, 2002, Tomsk, Russia
|v P. 98-99
|d 2002
|p 212 p.
|
| 610 |
1 |
|
|a труды учёных ТПУ
|
| 700 |
|
1 |
|a Usachev
|b M. V.
|
| 701 |
|
1 |
|a Muravlev
|b I. O.
|c specialist in the field of electrical engineering
|c Associate Professor of the Tomsk Polytechnic University, Candidate of technical sciences
|f 1962-
|g Igor Olegovich
|3 (RuTPU)RU\TPU\pers\33057
|9 16891
|
| 701 |
|
1 |
|a Chuchalin
|b A. I.
|c Doctor of technical sciences, Professor of Tomsk Polytechnic University
|c Vice-rector for Academic and International Affairs
|f 1952-
|g Alexander Ivanovich
|3 (RuTPU)RU\TPU\pers\30123
|
| 801 |
|
1 |
|a RU
|b 63413507
|c 20120505
|
| 801 |
|
2 |
|a RU
|b 63413507
|c 20160921
|g RCR
|
| 942 |
|
|
|c BK
|